Giáo trình tác phẩm báo chí đại cương

Tác phẩm báo chí đại cương là môn học nền tảng, mở đầu cho chương trình đào tạo về kỹ năng sáng tạo tác phẩm báo chí ở khoa báo chí, học viện báo chí và tuyên truyền.

Na minha lista:
Detalhes bibliográficos
Autor principal: Nguyễn Thị Thoa (Chủ biên)
Outros Autores: Nguyễn Thị Hằng Thu
Formato: Livro
Idioma:Vietnamese
Publicado em: H. Giáo dục Việt Nam 2012
Edição:Tái bản lần thứ nhất
Assuntos:
Tags: Adicionar Tag
Sem tags, seja o primeiro a adicionar uma tag!
Thư viện lưu trữ: Thư viện Trường Đại học Nam Cần Thơ
LEADER 01325nam a22002297a 4500
001 NCT_40869
008 180609b xxu||||| |||| 00| 0 vie d
999 |c 1964  |d 1964 
020 |c 25000 
082 0 4 |2 23rd ed.  |a 070.407122  |b Th401 
100 1 |a Nguyễn Thị Thoa  |e Chủ biên 
245 1 0 |a Giáo trình tác phẩm báo chí đại cương  |c Nguyễn Thị Thoa (chủ biên), Nguyễn Thị Hằng Thu 
250 |a Tái bản lần thứ nhất 
260 |a H.  |b Giáo dục Việt Nam  |c 2012 
300 |a 147 tr.  |b minh họa  |c 24cm 
520 3 |a Tác phẩm báo chí đại cương là môn học nền tảng, mở đầu cho chương trình đào tạo về kỹ năng sáng tạo tác phẩm báo chí ở khoa báo chí, học viện báo chí và tuyên truyền. 
653 |a Quan hệ công chúng 
700 1 0 |a Nguyễn Thị Hằng Thu 
942 |2 ddc  |c BK 
952 |0 0  |1 0  |2 ddc  |4 0  |6 070_407122000000000_TH401  |7 0  |9 10301  |a 000001  |b 000001  |d 2018-06-09  |o 070.407122 Th401  |p MD.09671  |r 2018-06-09  |v 25000.00  |w 2018-06-09  |y BK 
952 |0 0  |1 0  |2 ddc  |4 0  |6 070_407122000000000_TH401  |7 0  |9 10302  |a 000001  |b 000001  |d 2018-06-09  |o 070.407122 Th401  |p MD.09672  |r 2018-06-09  |v 25000.00  |w 2018-06-09  |y BK 
980 |a Thư viện Trường Đại học Nam Cần Thơ